La Divine Enfance (Record no. 98876)
[ view plain ]
| 000 -LEADER | |
|---|---|
| campo de control de longitud fija | 00413nam a2200133 i 4500 |
| 001 - NÚMERO DE CONTROL | |
| campo de control | 98876 |
| 003 - IDENTIFICADOR DE NÚMERO DE CONTROL | |
| campo de control | ES-MaACL |
| 005 - FECHA Y HORA DE LA ÚLTIMA TRANSACCIÓN | |
| campo de control | 20230906182410.0 |
| 007 - CAMPO FIJO DE DESCRIPCIÓN FÍSICA--INFORMACIÓN GENERAL | |
| campo de control de longitud fija | t| |
| 008 - DATOS DE LONGITUD FIJA--INFORMACIÓN GENERAL | |
| campo de control de longitud fija | 051028n18301880fr ||||1| fre d |
| 245 03 - MENCIÓN DEL TÍTULO | |
| Título | La Divine Enfance |
| Resto del título | : ; La vie de la Sainte Vierge ; La passion de Nôtre-Seigneur Jésus-Christ ; Les saints et les saintes. |
| 260 ## - PUBLICACIÓN, DISTRIBUCIÓN, ETC. | |
| Lugar de publicación, distribución, etc. | Paris : |
| Nombre del editor, distribuidor, etc. | L. Curmer, |
| Fecha de publicación, distribución, etc. | [18--?] |
| 852 ## - LOCALIZACIÓN | |
| Ubicación | ES-MaACL |
| Número de control de estantería | R-3353 |
| Estatus retirado | Estado de pérdida | Estado de daño | No para préstamo | Biblioteca de origen | Biblioteca actual | Ubicación en estantería | Fecha de adquisición | Fuente de adquisición | Total de préstamos | Signatura topográfica completa | Código de barras | Visto por última vez | Precio de reemplazo | Tipo de ítem Koha |
|---|---|---|---|---|---|---|---|---|---|---|---|---|---|---|
| Biblioteca del Ateneo de Madrid | Biblioteca del Ateneo de Madrid | Depósito | 17/01/2008 | R-3353 | 1103235 | 23/02/2023 | 23/02/2023 | Libro impreso antiguo |
